Lettland A-Z - Statistiken

Allgemein
  • Dieses Quiz wurde 62 mal gespielt
    41 seit der letzten Aktualisierung
  • Das Durchschnittsergebnis liegt bei 13 aus 26
Antwortstatistiken
# Hinweis Antwort % Korrekt
E Nördliches Nachbarland Estland
95%
R Hauptstadt Riga
95%
B Region in der Lettland liegt Baltikum
92%
O Meer an das Lettland grenzt Ostsee
87%
F 46% der Fläche Lettlands werden auf diese Weise genutzt {Forst}wirtschaftlich
82%
N Internationale Organisation der Lettland 2004 beitrat NATO
82%
H Vereinigung von Handelsstädten entlang der Ost- und Nordsee unter anderem war die Hauptstadt Mitglied Hanse
76%
P Land von dem #K abhänig war Polen-Litauen
76%
X Zweitgrößte Kirche Lettlands Enthält ein X Russisch-{Orthodoxe} Kirche
76%
W Südöstliches Nachbarland Weißrussland
74%
Y Nationalsport Endet auf Y Eishockey
66%
A Die Deutsch-Balten stellten den Großteil dieses privilegierten Standes Adel
63%
M Teil der #O an den Riga grenzt Rigaischer {Meerbusen}
63%
G Schwedische Insel in direkter östlicher Richtung von #K Gotland
61%
D Größter Fluss Lettlands Düna
42%
I Dieser sowjetische NKWD-General ordnete die Deportation von ca. 35.000 Letten (1940/41) an {Iwan} Serow
39%
C Die Olympischen Winterspiele 1924 in Frankreich waren die ersten Olympischen Spiele an denen Lettland teilnahm Nennen sie den Ort in dem sie abgehalten wurden Chamonix
37%
L Historische Region im Norden Livland
26%
K Historische Region im Südwesten Kurland
24%
V Sechstgrößte Stadt Lettlands auf deutsch auch Windau liegt an der Mündung der Venta Ventspils
24%
J Viertgrößte Stadt Lettlands Jelgava
21%
T Karibische Kolonie von #K (heutiger Name) Tobago
16%
S Historische Region im zentralen Süden Semgallen
11%
Q Lateinischer Name des Schreiadlers Heimischer Vogel auf der Roten Liste der vom Aussterben bedrohten Tierarten Enthält ein Q {Aquila} pomarina
8%
Z Lettischer Name von #S Zemgale
8%
U Ministerpräsident 1918-1940 (in vier getrennten Zeiträumen) Staatspräsident 1936-1940 Kārlis Ulmanis
3%
Keine übereinstimmenden Quizze gefunden
Verteilung der Resultate
Anzahl Personen mit jedem Resultat
Perzentil nach korrekt beantworteten Fragen
Ihre Resultats-Entwicklung
Sie haben dieses Quiz seit der letzten Aktualisierung nicht gespielt